Loading...
| Literature - European | 0 | 9 | 0 | 0 | 90 | 36 | 68.22 | 5 | 8 | 41.13 | 69.98 |
| Literature - British | 0 | 8 | 1 | 1 | 75 | 54 | 82.88 | 1 | 6 | 27.22 | 53.99 |
| Philosophy | 0 | 7 | 1 | 0 | 65 | 29 | 51.43 | 4 | 7 | 36.90 | 55.48 |
| Literature - World/Other | 0 | 6 | 0 | 0 | 60 | 33 | 71.67 | 1 | 5 | 27.15 | 43.18 |
| Literature - American | 0 | 6 | 0 | 0 | 60 | 35 | 66.50 | 3 | 5 | 29.08 | 46.97 |
| Religion | 0 | 6 | 2 | 0 | 50 | 35 | 66.50 | 3 | 6 | 25.46 | 44.57 |
| Mythology | 0 | 4 | 0 | 0 | 40 | 57 | 68.50 | 0 | 4 | 18.49 | 29.60 |
| History - American | 0 | 4 | 0 | 0 | 40 | 54 | 66.50 | 1 | 3 | 16.82 | 29.47 |
| Fine Arts - Visual | 0 | 4 | 1 | 1 | 35 | 66 | 92.75 | 0 | 2 | 10.85 | 21.34 |
| Social Science | 0 | 3 | 0 | 0 | 30 | 65 | 69.00 | 0 | 1 | 11.77 | 19.17 |
| Science - Other | 0 | 3 | 0 | 0 | 30 | 15 | 25.33 | 1 | 3 | 21.56 | 25.45 |
| History - World | 0 | 3 | 3 | 0 | 15 | 51 | 60.33 | 0 | 2 | 13.74 | 18.18 |
| Other Academic | 0 | 1 | 0 | 0 | 10 | 82 | 82.00 | 0 | 0 | 18.22 | 30.00 |
| History - Other | 0 | 2 | 2 | 0 | 10 | 51 | 56.50 | 0 | 2 | 9.21 | 14.32 |
| Fine Arts - Other | 0 | 1 | 0 | 0 | 10 | 115 | 115.00 | 0 | 0 | 0.99 | 6.36 |
| History - European | 0 | 2 | 3 | 0 | 5 | 72 | 77.50 | 0 | 1 | 7.00 | 13.50 |
| Science - Physics | 0 | 0 | 1 | 0 | -5 | 0.00 | 0 | 0 | 0.00 | 0.00 |